1127 1533 1756 1889 1178 1250 1345 1525 1595 1491 1609 1924 1377 1169 1367 1139 1752 1810 1822 1859 1678 1206 1928 1279 1386 1815 1402 1302 1431 1461 1768 1293 1272 1026 1801 1093 1995 1502 1031 1444 1551 1412 1997 1732 1186 1226 1793 1473 1623 1159 1385 1903 1553 1302 1185 1001 1004 1690 1127 1430 1615 1267 1176 1473 1240 1223 1886 1005 1530 1022 1053 1453 1437 1060 1565 1878 1147 1588 1885 1123 1694 1751 1471 1017 1063 1718 1063 1175 1313 1065 1726 1058 1087 1197 1708 1096 1666 1981 1604 BCNSPRNW ULIB Ver.6.0+V

เปลี่ยนเป็นภาษาไทย

Change to English
 แสดงรายละเอียดบรรณานุกรม
  กลับหน้าหลัก

Brief Record : Get Marc (ISO 2709) : E-mail record : QR code < ปิดหน้าต่าง
LEADER : 00000nam 2200000uu 4500
001    13399107968
003     ULIB
008    110211s2553||||th 000 0 tha d
020    9789740326489
060 04 WA590^bณ249ก 2553
100 0  ณรงค์ศักดิ์ หนูสอน
245 10 การส่งเสริมสุขภาพในชุมชนแนวคิดและการปฏิบัติ /^cณรงค์ศักดิ์หนูสอน
250    พิมพ์ครั้งที่ 1
260    กรุงเทพฯ :^bโรงพิมพ์แห่งจุฬาลงกรณ์มหาวิทยาลัย,^c2553
300    253 หน้า :^bภาพประกอบ ;^c26 ซม.
650  7 การส่งเสริมสุขภาพ
945    ^p185^l0^i029180
945    ^p185^l0^i028523
945    ^p185^l0^i028521
945    ^p185^l0^i028520
945    ^p185^l0^i028519
945    ^p185^l0^i028133
945    ^p185^l0^i028522
945    ^p185^l0^i028132
995    ทศพร
999 ^a ใช้งานได้ทุกระบบ
รายการนี้ยังไม่มีแท็ก
คุณยังไม่ได้ล็อกอิน คุณสามารถมีกิจกรรมร่วมกับเว็บไซต์ได้ แต่ต้องล็อกอินก่อน ::
  ล็อกอิน

รายการสื่อสารสนเทศ

ลำดับที่ ประเภท เลขเรียก/บาร์โค้ด สถานที่ สถานะ
1. วิทยาศาสตร์การแพทย์ และสุขภาพ
หนังสือสำรอง
สถานะ=หนังสือสำรอง
WA590 ณ249ก 2553 ฉ.1 
  Barcode: 028132
ห้องสมุดวิทยาเขตสวรรค์ประชารักษ์
►ส่วนจัดเก็บหนังสือเก่า สปร
บนชั้น
  ขอยืม
2. วิทยาศาสตร์การแพทย์ และสุขภาพ
วิทยาศาสตร์การแพทย์ และสุขภาพ
WA590 ณ249ก 2553 ฉ.2 
  Barcode: 028133
ห้องสมุดวิทยาเขตสวรรค์ประชารักษ์
►ส่วนจัดเก็บหนังสือเก่า สปร
บนชั้น
  ขอยืม
3. วิทยาศาสตร์การแพทย์ และสุขภาพ
วิทยาศาสตร์การแพทย์ และสุขภาพ
WA590 ณ249ก 2553 ฉ.3 
  Barcode: 028519
ห้องสมุดวิทยาเขตสวรรค์ประชารักษ์
►ส่วนจัดเก็บหนังสือเก่า สปร
บนชั้น
  ขอยืม
4. วิทยาศาสตร์การแพทย์ และสุขภาพ
วิทยาศาสตร์การแพทย์ และสุขภาพ
WA590 ณ249ก 2553 ฉ.4 
  Barcode: 028520
ห้องสมุดวิทยาเขตสวรรค์ประชารักษ์
►ส่วนจัดเก็บหนังสือเก่า สปร
บนชั้น
  ขอยืม
5. วิทยาศาสตร์การแพทย์ และสุขภาพ
วิทยาศาสตร์การแพทย์ และสุขภาพ
WA590 ณ249ก 2553 ฉ.5 
  Barcode: 028521
ห้องสมุดวิทยาเขตสวรรค์ประชารักษ์
►ส่วนจัดเก็บหนังสือเก่า สปร
บนชั้น
  ขอยืม
6. วิทยาศาสตร์การแพทย์ และสุขภาพ
วิทยาศาสตร์การแพทย์ และสุขภาพ
WA590 ณ249ก 2553 ฉ.6 
  Barcode: 028522
ห้องสมุดวิทยาเขตสวรรค์ประชารักษ์
►ส่วนจัดเก็บหนังสือเก่า สปร
บนชั้น
  ขอยืม
7. วิทยาศาสตร์การแพทย์ และสุขภาพ
วิทยาศาสตร์การแพทย์ และสุขภาพ
WA590 ณ249ก 2553 ฉ.7 
  Barcode: 028523
ห้องสมุดวิทยาเขตสวรรค์ประชารักษ์
►ส่วนจัดเก็บหนังสือเก่า สปร
บนชั้น
  ขอยืม
8. วิทยาศาสตร์การแพทย์ และสุขภาพ
วิทยาศาสตร์การแพทย์ และสุขภาพ
WA590 ณ249ก 2553 ฉ.8 
  Barcode: 029180
ห้องสมุดวิทยาเขตสวรรค์ประชารักษ์
►ส่วนจัดเก็บหนังสือเก่า สปร
บนชั้น
  ขอยืม

รายการใกล้เคียง
    ผู้แต่ง [ณรงค์ศักดิ์ หนูสอน]

    หัวเรื่อง [การส่งเสริมสุขภาพ]

BibComment


ยังไม่เคยถูกคอมเมนท์

คอมเมนท์ทรัพยากรรายการนี้
  คอมเมนท์: การส่งเสริมสุขภาพ..


 Copyright 2026. Bcnsprnw @Library